MDQL
is popping MORE tags! Check the
thread
!
Quizzes
Events
Quiz Creation
Community
Videos
Private Events
Remove Ads
Sign In
Join for FREE
Feedback
Dark Mode
Quiz Categories
Sports
Geography
Music
Movies
Television
Just For Fun
Miscellaneous
History
Literature
Language
Science
Gaming
Entertainment
Religion
Holiday
For Kids
Quiz Lab
Recent
Popular Today
Quiz Kudos Today
Editor Picks
Curator Picks
Quizzes by...
Day
Popularity
Type
Ratings
Length
Year
Community
Subscriptions
Recent Discussions
Orange Saloon
Badges
Playlists
Quests
Create
Leaderboards
Showdown
Live 5
Trivia Bingo
Activity
Puzzle Library
Sporcle Events
Private Events
Virtual Trivia
Globe League
Become a Host
Pub Owners
SporcleCon
Opinionation
Our Games
Videos
Blog
Mobile Apps
Partnerships
Remove Ads and Go Orange
Feedback
Sports
Athletes
MLB
NBA
NHL
NFL
Soccer
Sports Teams
WWE
NCAA
Football
Premier League
Basketball
Baseball
Hockey
Golf
Tennis
Cricket
Rugby
Auto Racing
Olympics
World Cup
Sports
Athletes
MLB
NBA
NHL
NFL
Soccer
Sports Teams
WWE
NCAA
Football
Premier League
Basketball
Baseball
Hockey
Golf
Tennis
Cricket
Rugby
Auto Racing
Olympics
World Cup
Random Quiz
Search Sporcle
×
Curator Pick
Curator Pick
Sports
Football
Type in answers that appear in a list
Type in answers that appear in a list
Classic
Best Score? Go Orange.
England international goals by club Stats
Can you name the top contributing clubs to the England national football team (1872-present day)?
By
jcb211
9m
72 Questions
11.4K Plays
11,415 Plays
11,415 Plays
Comments
Comments
Give Quiz Kudos
Give Quiz Kudos
-
- Ratings
hide this ad
More Info
Replay
Link that replays current quiz
Next Quiz
Link to next quiz in quiz playlist
You Got
0%
They Got
Avg Score
48%
Avg Friend Score
Upgrade to see
Score Distribution
Jump to the score distribution portion of the page
Score
0/72
Timer
09:00
0
Plays Today
Number of goals
Club
% Correct
209
Manchester United
99%
143
Liverpool
98.5%
77
Arsenal
98.1%
122
Chelsea
97.7%
192
Tottenham Hotspur
95.9%
74
Manchester City
95.1%
82
Everton
93.4%
62
Newcastle United
92.5%
79
Aston Villa
90%
67
West Ham
88.3%
19
Sunderland
86.1%
35
Southampton
83.2%
26
Leeds United
83.2%
40
Blackburn Rovers
79.8%
32
West Bromwich Albion
79.3%
12
Birmingham City
76.8%
18
Fulham
76.6%
9
Portsmouth
75.2%
41
Bolton Wanderers
74%
18
Nottingham Forest
73.1%
40
Wolverhampton Wanderers
73.1%
23
Stoke City
72.1%
12
Leicester City
70.2%
28
Sheffield Wednesday
69.7%
19
Sheffield United
69.1%
64
Derby County
67.3%
10
Queens Park Rangers
67.2%
22
Ipswich Town
66%
35
Blackpool
64.9%
38
Middlesbrough
64.8%
2
Crystal Palace
63.5%
21
Burnley
60.5%
3
Charlton Athletic
59.4%
1
Crystal Palace (amateur)
58.4%
52
Preston North End
58.3%
15
Real Madrid
56%
Number of goals
Club
% Correct
17
Barcelona
53.3%
6
Watford
51.8%
4
Glasgow Rangers
48.8%
8
AC Milan
46.7%
13
Notts County
46.7%
14
Huddersfield Town
42.9%
2
FC Internazionale Milano
42.9%
7
Bristol City
40.8%
9
Juventus
36.5%
2
Millwall
36%
9
Swindon Town
34.4%
1
Bristol Rovers
34.1%
3
Luton Town
33.6%
4
SS Lazio
28%
1
Olympique de Marseille
25.3%
7
Bury
22%
12
Hamburger SV
21.9%
11
Sampdoria
18.4%
7
Wanderers
14.4%
1
Accrington
13.2%
3
Old Etonians
11%
5
AS Bari
9.8%
8
Oxford University AFC
9.3%
26
Cambridge University AFC
6.7%
15
Corinthian FC
5.1%
5
FC Koln
4.3%
10
Old Carthusians
3.1%
2
Clapham Rovers
2.9%
1
Darwen
2%
13
Swifts FC
0.8%
3
Clapton FC
0.7%
5
Upton Park FC
0.7%
2
Dulwich Hamlet FC
0.5%
1
Old Brightonians
0.4%
9
Old Westminsters
0.4%
2
Old Malvernians
0.2%
Quiz Playlist
Details
Report
Send in Message
Add To Playlist
More Info:
Correct to 1 January 2014
Classic:
Type in answers that appear in a list
Quiz Source
Last Updated: Feb 16, 2017
Curator Pick in
Soccer
Quiz Scoreboard
CHALLENGE
Sign Up to Join the Scoreboard
Show All
Scores
Hide
Comments
May contain spoilers
Recently Published
Holiday 10x10 Sorting Gallery
by lukepisani3
Holiday
15m
Two Season TV Shows II
by 123Four
Television
10m
Image Sorting: Flags VI
by Barbecue
Geography
2m
More to Explore
Quiz From the Vault
Featured Blog Post
14 Easter Pick-up Lines to Find Eggs With
hide this ad
You Might Also Like...
Tags
Football Quiz
Soccer Quiz
club
Goal Scorers
International
International Cups
Today's Top Quizzes in Sports
Browse Sports
hide this ad
Today's Top Quizzes in Football
Browse Football
Top Contributed Quizzes in Sports
1
Les meilleurs buteurs des matchs entre le PSG et l’OM
2
Les entraîneurs de l'OM et du PSG au 21e siècle
3
2022 World Cup Stars
4
Les joueurs passés par le PSG et l'OM
5
Players with Multiple 50 Home Run Seasons
6
FIFA Club World Cup Champions
7
Top 10 NHL Goal Scorers of All Time
8
Les joueurs passés par le LOSC et le RC Lens
9
Criteria MLB: Left Handed Sluggers
10
2023 MLB Unique Player Accomplishments
Explore More
Trending Topics
Disney
Harry Potter
Crossword
NBA
Marvel
Anime
Kpop
Song
Pokémon
NFL
Puzzle
Country
WWE
Soccer
The Office
hide this ad
More By:
jcb211
Quiz
Plays
Rating
Category
Featured
Created
England international goals by club
11,415
4.37
Sports
Oct 28, 2010
Most headers in the Premiership
937
4.38
Sports
Oct 25, 2010
Goals within 6 yard box
410
5.00
Sports
Oct 26, 2010
Premiership goalscorers between 2000-9
382
4.80
Sports
Oct 26, 2010
answers to this Arsenal quiz
212
Sports
Dec 23, 2010
Go to Creator's Profile
Score Distribution
Quiz Creator Spotlight
jcb211
Follow
Send a Message
Quizzes Created
-
Created Quiz Play Count
-
More By This Creator
Popular Quizzes Today
1
Find the US States - No Outlines Minefield
2
Colored Red Africa Blitz
3
Find the 'City' Movie
4
The Countries of the World
5
5x2 Blitz: Bands
6
Find the Countries of Europe - No Outlines Minefield
7
Find the US States
8
US States
More Sports Quizzes
Portland Trail Blazers Stat Leaders 2010s
Quiz Lab
Trending Quizzes
Colored Red Europe Blitz I
Colored Red Europe Blitz II
Colored Red Africa Blitz II
Colored Red Europe Blitz III
Colored Red Africa Blitz III
Recently Updated
Odd Team Out - Big 4 Players
pecheneg
Quick Pick: 20 Twenties
pecheneg
March Madness Men's Triple Doubles
pecheneg
How Do You Spell That?
pecheneg
Godzilla Movies
pecheneg
Grab Bag: 4-10 Letters
pecheneg
2024 March Madness Bracket
pecheneg
Famous TV Couples
Peacemaker
Champions League XIs: Real Madrid
pecheneg
Largest US Cities 1790-2010
pecheneg
Trending Topics
Kpop
Anime
Crossword
Disney
Harry Potter
Marvel
NBA
Soccer
Puzzle
NFL
Pokémon
WWE
Country
Song
The Office
Your Account Isn't Verified!
In order to create a playlist on Sporcle, you need to verify the email address you used during registration. Go to your
Sporcle Settings
to finish the process.
Report this User
Report this user for behavior that violates our
Community Guidelines
.
Details:
Send Report
Go to the Sporcle.com Mobile Site →
Comments